000 00602nam a2200241Ia 4500
003 OSt
005 20221005122921.0
006 a|||||r|||| 00| 0
007 ta
008 221004b |||||||| |||| 00| 0 tam d
024 _a46734
037 _cTextual
040 _aCRL
_cCRL
_btam
041 _2tam
_atam
082 _aO31,1F20:g, J2
100 _aMasaharuddin Au.
_9632824
245 0 _aKaviratchachan
260 _c1952
650 _a TAMIL POETRY
650 _aTAMIL LITERATURE
942 _hO31,1F20:g, J2
_cTEXL
_2cc
999 _c1045785
_d1045785